[Event "Bergamo Open 2017"]
[Site "Bergamo"]
[Date "2017.07.14"]
[Round "6"]
[White "Lain, Luigi"]
[Black "Manea, Alexandru"]
[Result "1-0"]
[WhiteElo "2225"]
[BlackElo "2414"]
[Annotator "TA"]
[PlyCount "113"]
[EventDate "2017.??.??"]
[EventCountry "ITA"]
[SourceTitle "playchess.com"]
[Source "ChessBase"]
[SourceQuality "1"]

{[%evp 16,113,55,35,70,55,80,62,77,22,28,8,35,-131,0,0,15,23,28,28,28,11,35,7,37,29,76,71,75,31,37,0,91,80,91,103,88,88,106,93,152,152,140,150,178,177,164,177,200,176,193,188,305,308,302,293,297,295,273,247,329,339,670,1310,1593,1540,1557,862,1507,828,1468,1453,1340,1367,1236,1220,1716,1581,2510,2695,2789,2571,29973,29975,29975,29975,29972,29969,29974,6514,29977,29978,29984,29985,29985,29986,29980,29980,29980,29981]} 1. d4 Nf6 2. c4 e6 3. Nc3 c5 4. d5 exd5 5. cxd5 Bd6 6. e4 O-O 7. Bd3 {A60: Modern Benoni: Early Divergences} (7. f4 Nxe4 8. Nxe4 Re8 9. Qe2 Bf8 10. g4 d6 11. Nh3 Bxg4 12. Qxg4 Rxe4+ 13. Be2 Nd7 14. Nf2 Nf6 {½-½ (54) Nielsen,P (2693)-Karjakin,S (2763) Beijing 2011}) 7... Re8 8. Nge2 a6 9. a4 {LiveBook: 7 Games. White is slightly better.} Bf8 $146 ({Predecessor:} 9... Bc7 10. O-O d6 11. Ng3 Nbd7 12. f4 Nf8 13. Kh1 Bd7 14. Qf3 Ng6 {½-½ (51) Derjabin,I (2369)-Sitnikov,A (2457) Alushta 2008}) 10. O-O d6 11. f3 Nbd7 12. Be3 (12. Bc2 $16) 12... Ne5 $11 13. a5 Bd7 14. Na4 $2 (14. b3 $14) 14... Nxd3 (14... Qxa5 $17 15. Nac3 Qc7) 15. Qxd3 Qxa5 (15... Bb5 $5 {[%cal Rb5d3]} 16. Qd2 Nxd5 $11) 16. Nxc5 $1 Qb5 17. Nc3 {[%cal Be2c3,Bc3a4,Ba4b6][%mdl 32]} Qxd3 18. Nxd3 g6 19. Kf2 Rac8 20. Rfc1 Rc4 21. b3 $36 {[%mdl 2048] White is on the roll.} Rcc8 22. Na4 Bb5 23. Ndb2 Rxc1 (23... Nd7 $11) 24. Rxc1 $16 Rb8 25. Nb6 Ne8 26. N2c4 Be7 27. Na3 Bh4+ (27... f5 $142) 28. g3 Bd8 29. Nxb5 axb5 {[#]} 30. Rc8 $1 {[%cal Rc8b8]} Rxc8 31. Nxc8 $18 {[%mdl 4096] Endgame KBN-KBN} f5 {[#]} 32. exf5 $1 gxf5 33. Bf4 Nf6 (33... Nc7 $142 34. Nxd6 Nxd5) 34. Bg5 (34. Nxd6 Nxd5 35. Bd2 (35. Nxf5 Nxf4 36. gxf4 Bb6+ 37. Kg3 Bc5 $16) (35. Nxb5 Nxf4 36. gxf4 Be7 $14) 35... f4 $16) 34... Kg7 35. Nxd6 Bb6+ 36. Ke2 Nxd5 37. Nxf5+ Kg6 38. Ne7+ Kxg5 $2 (38... Nxe7 39. Bxe7 Kf5 40. g4+ Ke5) 39. h4+ ({Weaker is} 39. Nxd5 Bg1 $18) 39... Kh5 40. Nxd5 {KB-KN} Bd4 41. Nf4+ Kh6 42. Ne6 Bb6 43. g4 Kg6 44. Nf4+ Kf7 45. g5 Bd8 46. Ke3 Bb6+ 47. Ke4 Bf2 48. h5 Bh4 49. Kf5 Bf2 50. Nd5 Bd4 51. f4 {[%cal Bf3f4,Bf4f5,Bf5f6][%mdl 32]} Ba1 52. g6+ (52. Nf6 $142 h6 53. Ng4 hxg5 54. fxg5 Bg7 55. Ne5+ Kg8 56. h6 Bh8 57. g6) 52... Kg7 53. Kg5 {White mates.} hxg6 54. hxg6 Bb2 55. f5 Bc1+ 56. Kh5 Bb2 57. f6+ {Precision: White = 54%, Black = 25%.} 1-0

[Event "Bergamo Open 2017"]
[Site "Bergamo"]
[Date "2017.07.14"]
[Round "6"]
[White "Andreoni, Giuseppe"]
[Black "Valsecchi, Alessio"]
[Result "0-1"]
[WhiteElo "2170"]
[BlackElo "2506"]
[Annotator "TA"]
[PlyCount "109"]
[EventDate "2017.??.??"]
[EventCountry "ITA"]
[SourceTitle "playchess.com"]
[Source "ChessBase"]
[SourceQuality "1"]

{[%evp 10,109,79,81,67,52,44,27,104,86,162,78,68,60,59,51,65,55,150,104,130,136,125,99,123,-18,-2,-107,58,6,43,-51,-45,-60,-51,-63,-39,-139,-17,-57,-36,-283,-252,-263,-139,-137,-138,-136,-134,-105,-105,-108,-91,-100,-79,-82,-82,-80,-72,-77,-14,-66,-64,-117,-108,-135,-100,-127,-128,-143,-58,-58,-18,-75,-41,-41,-47,-48,-34,-34,-34,-66,-39,-41,-39,-39,-39,-218,-210,-12840,-263,-12841,-12841,-12849,-12849,-12850,-29983,-29983,-29984,-29983,0,0]} 1. e4 c6 2. d4 d5 3. Nd2 g6 4. c3 Bg7 5. Bd3 Nh6 6. Ngf3 O-O {B12: Caro-Kann: Advance Variation} 7. h4 (7. O-O a5 8. Re1 Na6 9. Qe2 Nc7 10. exd5 Nxd5 11. Ne4 Nf5 12. Bd2 Qc7 13. Ng3 Nxg3 14. hxg3 Bg4 15. Rad1 {0-1 (49) Vykouk,J (2430)-Mirzoev,A (2541) Ceske Budejovice 2017}) 7... Bg4 8. Qb3 $146 (8. h5 $5) ({Predecessor:} 8. Nf1 Nd7 9. exd5 cxd5 10. Bg5 Qb6 11. Qd2 Qe6+ 12. Ne3 Nf5 13. Nh2 Nxe3 14. Bxe3 {0-1 (47) Karlik,J (2345)-Nun,J (2395) Czechia 1997}) 8... dxe4 (8... Nd7 $11 {keeps the balance.}) 9. Nxe4 $16 b6 (9... Nd7 $16) 10. Nh2 (10. h5 $18 {has better winning chances.} Bxf3 11. gxf3) 10... Be6 11. Qc2 c5 12. Nf3 Nc6 {[%cal Rc5d4]} 13. h5 {hxg6 is the strong threat.} Nf5 (13... Ng4 $1 $14) 14. Neg5 cxd4 15. Nxe6 fxe6 16. Bc4 Qc8 17. Qb3 ({White should play} 17. Qe2 $1 $16 Nd8 18. hxg6 hxg6 19. cxd4) 17... Rf6 $11 18. Ng5 (18. Bd3 $11) 18... Nd8 $2 (18... dxc3 $17 19. h6 (19. Qxc3 gxh5 20. Bd2 Rg6 $17) (19. Bxe6+ $2 Rxe6+ 20. Nxe6 Na5 $19) 19... cxb2 20. Bxb2 Na5) 19. Ne4 (19. Bd2 $14) 19... dxc3 20. bxc3 (20. Nxf6+ $14 Bxf6 21. hxg6 hxg6 22. Bd3 (22. bxc3 $2 b5 $19)) 20... Nd6 $15 21. Bd3 Rf5 $36 {[%mdl 2048] Black has good play.} 22. Bb2 Re5 23. f3 (23. Qc2 $1 $15) 23... gxh5 (23... N8b7 $17 24. hxg6 hxg6) 24. O-O-O N8f7 25. c4 $2 ({White should try} 25. Kb1 $15) 25... Rb5 $1 $19 26. Nxd6 Rxb3 (26... Nxd6 $19 27. Bxh7+ Kf7 28. Bg6+ Kxg6 29. Qc2+ Rf5 30. Rxd6 exd6) 27. Nxc8 $17 Rxb2 28. Nxe7+ Kf8 29. Be4 {Strongly threatening Nf5.} Rd8 30. Rxd8+ Nxd8 31. Nc8 Rxa2 32. Rxh5 h6 33. g4 Nf7 {aiming for ...Ne5.} 34. c5 Ng5 (34... bxc5 $17 35. Rxc5 Ra3) 35. cxb6 (35. c6 $11) 35... axb6 $15 36. Bb7 (36. Nxb6 $15 Nxe4 37. fxe4) 36... Rf2 37. Nxb6 Nxf3 38. Bxf3 Rxf3 $17 {[%mdl 4096] Endgame KRB-KRN} 39. Ra5 {[#]} Kf7 (39... Rf4 $1 $17 40. Kd1 Rxg4) 40. Ra4 $15 Rf2 {With the idea ...Bc3.} 41. Re4 (41. Nd7 $1 $11) 41... Bf6 42. Nc4 Bg5+ 43. Kd1 Kf6 44. Ke1 Ra2 (44... Rg2 {is interesting.} 45. Kf1 Rc2 46. Ne5 Rd2 47. Nf3 Rd5) 45. Re2 Ra1+ 46. Kf2 Bf4 {Hoping for ...Ra4.} 47. Kf3 e5 48. Ke4 $2 {[#]} ({Better is} 48. Nd6 $15) 48... Rd1 $1 $19 {[%cal Rd1d4] White must now prevent ...Rd4+.} 49. Ne3 $2 (49. Kf3) 49... Rd4+ 50. Kf3 Rd3 51. Ke4 Rxe3+ $1 52. Rxe3 Bxe3 53. Kxe3 Kg5 54. Kf3 e4+ $2 (54... Kh4 {mates} 55. Ke4 Kxg4 56. Kxe5 Kg3 57. Ke6 h5 58. Kf6 h4 59. Ke6 h3 60. Ke5 h2 61. Kd4 h1=Q 62. Kc5 Kf4 63. Kd6 Qe4 64. Kc7 Ke5 65. Kb6 Kd6 66. Kb5 Qd3+ 67. Kb4 Kc6 68. Ka4 Kc5 69. Ka5 Qb5#) 55. Kg3 {[%mdl 32768] Precision: White = 26%, Black = 36%. . Sensor Board Error (Ke4/e5)?} 0-1

[Event "Bergamo Open 2017"]
[Site "Bergamo"]
[Date "2017.07.14"]
[Round "6"]
[White "Guanciale, Orazio"]
[Black "Damia, Angelo"]
[Result "1/2-1/2"]
[WhiteElo "2163"]
[BlackElo "2378"]
[Annotator "NA"]
[PlyCount "102"]
[EventDate "2017.??.??"]
[EventCountry "ITA"]
[SourceTitle "playchess.com"]
[Source "ChessBase"]
[SourceQuality "1"]
[TimeControl "6000+30"]

1. e4 Nf6 2. e5 Nd5 3. d4 d6 4. c4 Nb6 5. exd6 cxd6 6. Nc3 g6 7. Be3 Bg7 8. Rc1 O-O 9. b3 Nc6 10. d5 Ne5 11. Be2 h5 12. h3 {B03: Alekhine's Defence: Four Pawns Attack} e6 $1 13. dxe6 Bxe6 14. Nf3 {LiveBook: 3 Games} d5 15. Nd4 $146 ({Predecessor:} 15. Bxb6 Qxb6 16. cxd5 Rfd8 17. O-O Qa5 18. Ng5 Rac8 19. Nxe6 fxe6 {1-0 (42) Priyadharshan,K (2475)-Shabalov,A (2519) Blue Ash 2015}) 15... dxc4 16. O-O Nd3 17. Nxe6 (17. Bxd3 $5 {[%cal Rd4e6]} Bxd4 {[#]} 18. Bxg6 $1 {[%mdl 512]} Bxc3 19. Bh7+ $1 {[%mdl 512]} Kxh7 20. Qxh5+ Kg8 21. Rxc3 $16) 17... fxe6 18. Rc2 Nb4 19. Rd2 Qe8 (19... Qh4 $5 {[%cal Rg7c3]} 20. Bd4 Bxd4 21. Rxd4 Qf6 22. bxc4 Nc6 $11) 20. Bd4 Bxd4 21. Rxd4 $14 Nc6 22. Rd6 cxb3 23. Qxb3 Qf7 24. Ne4 Kh8 25. Ng5 Qe7 26. Qg3 Rf5 27. Nf3 Rg8 28. Re1 Nd5 29. Bd3 Nf4 30. Bxf5 Qxd6 31. Bxe6 Re8 32. Re4 Rxe6 33. Rxe6 Qxe6 34. Qxf4 Kg7 35. Nd4 Qe1+ 36. Kh2 Qe5 37. Qxe5+ Nxe5 38. Kg3 Kf6 39. Kf4 Nd3+ 40. Ke3 Ne1 41. g3 Ke5 42. f4+ Kd5 43. f5 gxf5 44. Nxf5 b5 45. g4 hxg4 46. hxg4 a5 47. g5 Ke5 48. g6 Kf6 49. g7 Kf7 50. Nd6+ Kxg7 51. Nxb5 Kf6 1/2-1/2